| 000 | 00543nam a2200193Ia 4500 | ||
|---|---|---|---|
| 003 | GCL | ||
| 005 | 20240530103129.0 | ||
| 008 | 140319s9999 xx 000 0 ara d | ||
| 040 |
_aGCL / _cGCL |
||
| 082 | 0 | 4 |
_a915.3 _bم و |
| 100 | 1 | _aمحمد سعودى | |
| 245 | 1 | 0 |
_aالوطن العربى / _cمحمد سعودى |
| 260 |
_aبيروت : _bدار النهضة العربية ، _c1973 |
||
| 300 | _a711 ص | ||
| 650 | 0 | 4 | _aالعالم العربى |
| 650 | 0 | 4 | _aالجغرافيا |
| 650 | 0 | 4 | _aالتضاريس |
| 942 |
_2ddc _cBK |
||
| 999 |
_c37057 _d37057 |
||